Indians in the United States and Canada : a comparative history /

Bibliographic Details
Main Author: Nichols, Roger L.
Format: Book
Language:English
Published: Lincoln : University of Nebraska Press, [1998]
Subjects:

MARC

Tag First Indicator Second Indicator Subfields
LEADER 00000cam a2200000 a 4500
001 in00001402587
005 20151020055436.0
008 970903s1998 nbuab b s001 0 eng
010 |a  97031596  
020 |a 0803233418 (alk. paper) 
035 |a (OCoLC)37595166 
035 |9 AHN4476AM 
040 |a DLC  |c DLC  |d TXA  |d UtOrBLW 
043 |a n-us---  |a n-cn--- 
049 |a TXAM 
050 0 0 |a E77  |b .N554 1998 
082 0 0 |a 971/.00497  |2 21 
100 1 |a Nichols, Roger L. 
245 1 0 |a Indians in the United States and Canada :  |b a comparative history /  |c Roger L. Nichols. 
264 1 |a Lincoln :  |b University of Nebraska Press,  |c [1998] 
264 4 |c ©1998 
300 |a xvii, 383 pages :  |b illustrations, maps ;  |c 25 cm. 
336 |a text  |b txt  |2 rdacontent 
337 |a unmediated  |b n  |2 rdamedia 
338 |a volume  |b nc  |2 rdacarrier 
504 |a Includes bibliographical references (pages [349]-367) and index. 
650 0 |a Indians of North America  |x History. 
650 0 |a Indians of North America  |z Canada  |x History. 
948 |a c:jal 
999 |a MARS 
999 f f |s 77eeedaf-4aba-3ac5-bfe9-44ce0df409cc  |i f56556a3-6643-3f31-a580-d1536e4f05d9  |t 0 
952 f f |p ric  |a Texas A&M University  |b Rellis Campus  |c Joint Library Facility  |d Remote Storage  |t 0  |e E77 .N554 1998  |h Library of Congress classification  |i unmediated -- volume  |m A14823443402 
998 f f |a E77 .N554 1998  |t 0  |l Remote Storage